| 000 | 00722nam a2200217 a 4500 | ||
|---|---|---|---|
| 001 | 20986 | ||
| 003 | CO-ViMGA | ||
| 008 | 141112s2004 ck r 000 u spa d | ||
| 020 | _a9589308511 | ||
| 040 |
_aCO-ViMGA _bspa _cCO-ViMGA |
||
| 082 | 0 | 4 | _a133.44 G131a |
| 100 | 1 |
_aGáfaro, Alejandra; Fidalgo, Ximena _930210 |
|
| 245 | 1 | 0 | _aEl arte de la magia |
| 260 |
_aBogotá : _bEdiciones Gamma, _c1997 |
||
| 300 | _a136p | ||
| 505 | _abreve reseña histórica sobre la magia 12 - - Cómo se hace un mago? 82 - - 35 juegos de magia 94 | ||
| 590 | _aForma de adquisición : Donación - - Fecha de adquisición : Noviembre 2006 - - Ejemplares : 2 | ||
| 650 | 1 | 4 |
_aMAGIA _916087 |
| 650 | 1 | 4 |
_aMAGOS _930211 |
| 942 |
_2ddc _cBK |
||
| 999 |
_c29827 _d29827 |
||